Effect of different doses of paracetamol drug directly on the reproductive health of the female wistar rats / (رقم التسجيلة. 179811)

تفاصيل مارك
000 -LEADER
fixed length control field 05623namaa22004451i 4500
003 - CONTROL NUMBER IDENTIFIER
control field EG-GICUC
005 - أخر تعامل مع التسجيلة
control field 20260429124023.0
008 - FIXED-LENGTH DATA ELEMENTS--GENERAL INFORMATION
fixed length control field 260429s2025 ua a|||frm||| 000 0 eng d
040 ## - CATALOGING SOURCE
Original cataloguing agency EG-GICUC
Language of cataloging eng
Transcribing agency EG-GICUC
Modifying agency EG-GICUC
Description conventions rda
041 0# - LANGUAGE CODE
Language code of text/sound track or separate title eng
Language code of summary or abstract eng
-- ara
049 ## - Acquisition Source
Acquisition Source Deposit
082 04 - DEWEY DECIMAL CLASSIFICATION NUMBER
Classification number 660.65
092 ## - LOCALLY ASSIGNED DEWEY CALL NUMBER (OCLC)
Classification number 660.65
Edition number 21
097 ## - Degree
Degree M.Sc
099 ## - LOCAL FREE-TEXT CALL NUMBER (OCLC)
Local Call Number Cai01.12.25.M.Sc.2025.Li.E
100 0# - MAIN ENTRY--PERSONAL NAME
Authority record control number or standard number Linah Mohamed Hussein Ali,
Preparation preparation.
245 10 - TITLE STATEMENT
Title Effect of different doses of paracetamol drug directly on the reproductive health of the female wistar rats /
Statement of responsibility, etc. by Linah Mohamed Hussein Ali ; Supervision Prof. Dr. Mohamed Ahmed Badawy, Dr. Heba Ali Abd El Rahman, Dr. Sameh Shaban Ali Gad.
246 15 - VARYING FORM OF TITLE
Title proper/short title تأثير الجرعات المختلفة من عقار الباراسيتامول المباشر على الصحة الإنجابية لجرذان ويستار الإناث
264 #0 - PRODUCTION, PUBLICATION, DISTRIBUTION, MANUFACTURE, AND COPYRIGHT NOTICE
Date of production, publication, distribution, manufacture, or copyright notice 2025.
300 ## - PHYSICAL DESCRIPTION
Extent 126 pages :
Other physical details illustrations ;
Dimensions 25 cm. +
Accompanying material CD.
336 ## - CONTENT TYPE
Content type term text
Source rda content
337 ## - MEDIA TYPE
Media type term Unmediated
Source rdamedia
338 ## - CARRIER TYPE
Carrier type term volume
Source rdacarrier
502 ## - DISSERTATION NOTE
Dissertation note Thesis (M.Sc)-Cairo University, 2025.
504 ## - BIBLIOGRAPHY, ETC. NOTE
Bibliography, etc. note Bibliography: pages 103-124.
520 #3 - SUMMARY, ETC.
Summary, etc. Paracetamol is a commonly purchased and administered non-prescription analgesic medication on a global scale. The goal of this study was to evaluate the impact of paracetamol on the female reproductive health. The study involved random allocation of healthy Wistar rats into three groups (n=6/group). The control group was administered 0.5 ml of physiological saline, the low-dose group received 82 mg/kg paracetamol, and the high-dose group received 164 mg/kg paracetamol. After 24 hours following the final dose, the rats were euthanized under anesthesia. The level of hormones, oxidative stress biomarkers, DNA damage and histological analysis were performed. The findings revealed that there was no significant alteration in overall rats’ weight and reproductive organs weight. The biochemical findings indicated that paracetamol exerted an impact on the levels of reproductive hormones and disrupted the normal balance of malondialdehyde, resulting in a notable reduction in overall antioxidant activity. Furthermore, a significant level of DNA fragmentation was observed in the ovaries and uterine tissues. Paracetamol induced degeneration of ovarian follicles, and loss of columnar morphology in uterine epithelial cells, indicating the occurrence of apoptosis. The result of this study suggests that the administration of paracetamol has a detrimental impact on female reproductive health, perhaps elevating the risk of infertility.
520 #3 - SUMMARY, ETC.
Summary, etc. الباراسيتامول هو مسكن شائع يُشترى ويُستخدم دون وصفة طبية على نطاق عالمي. كان الهدف من هذه الدراسة تقييم تأثير الباراسيتامول على صحة الجهاز التناسلي الأنثوي. شملت الدراسة توزيعًا عشوائيًا لجزران من نوع ويستار السليمة إلى ثلاث مجموعات (عدد = 6 لكل مجموعة). تم إعطاء المجموعة الضابطة 0.5 مل من المحلول الملحي الفسيولوجي، بينما تلقت مجموعة الجرعة المنخفضة 82 ملغ/كغ من الباراسيتامول، وتلقت مجموعة الجرعة العالية 164 ملغ/كغ من الباراسيتامول. بعد 24 ساعة من الجرعة الأخيرة، تم قتل الجزران تحت التخدير. تم تحليل مستويات الهرمونات، ومؤشرات الإجهاد التأكسدي، وتلف الحمض النووي، وإجراء تحليل نسيجي. أظهرت النتائج عدم وجود تغيير ملحوظ في وزن الجزران أو وزن الأعضاء التناسلية. أظهرت النتائج البيوكيميائية أن الباراسيتامول أثر على مستويات الهرمونات التناسلية وأحدث اضطرابًا في التوازن الطبيعي للمالونديالدهيد، مما أدى إلى انخفاض ملحوظ في النشاط المضاد للأكسدة بشكل عام. علاوة على ذلك، لوحظ مستوى كبير من تجزئة الحمض النووي. تسبب الباراسيتامول في تدهور الجريبات المبيضية وفقدان الشكل العمودي للخلايا الظهارية الرحمية، مما يشير إلى حدوث موت الخلايا المبرمج. تشير نتائج هذه الدراسة إلى أن استخدام الباراسيتامول له تأثير ضار على صحة الجهاز التناسلي الأنثوي، وربما يزيد من خطر العقم .
530 ## - ADDITIONAL PHYSICAL FORM AVAILABLE NOTE
Issues CD Issues also as CD.
546 ## - LANGUAGE NOTE
Text Language Text in English and abstract in Arabic & English.
650 #0 - SUBJECT ADDED ENTRY--TOPICAL TERM
Topical term or geographic name entry element Biotechnology
650 #0 - SUBJECT ADDED ENTRY--TOPICAL TERM
Topical term or geographic name entry element التكنولوجيا الحيوية
653 #1 - INDEX TERM--UNCONTROLLED
Uncontrolled term Comet assay
-- Female Wistar rats
-- Hormones
-- Oxidative Stress markers
-- Paracetamol
-- Reproductive health
-- الباراسيتامول
-- إناث جزران ويستار
700 0# - ADDED ENTRY--PERSONAL NAME
Personal name Mohamed Ahmed Badawy
Relator term thesis advisor.
700 0# - ADDED ENTRY--PERSONAL NAME
Personal name Heba Ali Abd El Rahman
Relator term thesis advisor.
700 0# - ADDED ENTRY--PERSONAL NAME
Personal name Sameh Shaban Ali Gad
Relator term thesis advisor.
900 ## - Thesis Information
Grant date 01-01-2025
Supervisory body Mohamed Ahmed Badawy
-- Heba Ali Abd El Rahman
-- Sameh Shaban Ali Gad
Universities Cairo University
Faculties Faculty of Science
Department Department of Biotechnology
905 ## - Cataloger and Reviser Names
Cataloger Name Shimaa
942 ## - ADDED ENTRY ELEMENTS (KOHA)
Source of classification or shelving scheme Dewey Decimal Classification
Koha item type Thesis
Edition 21
Suppress in OPAC No
المقتنيات
Source of classification or shelving scheme Home library Current library Date acquired Inventory number Full call number Barcode Date last seen Effective from Koha item type
Dewey Decimal Classification المكتبة المركزبة الجديدة - جامعة القاهرة قاعة الرسائل الجامعية - الدور الاول 29.04.2026 93903 Cai01.12.25.M.Sc.2025.Li.E 01010110093903000 29.04.2026 29.04.2026 Thesis
Cairo University Libraries Portal Implemented & Customized by: Eng. M. Mohamady Contacts: new-lib@cl.cu.edu.eg | cnul@cl.cu.edu.eg
CUCL logo CNUL logo
© All rights reserved — Cairo University Libraries
CUCL logo
Implemented & Customized by: Eng. M. Mohamady Contact: new-lib@cl.cu.edu.eg © All rights reserved — New Central Library
CNUL logo
Implemented & Customized by: Eng. M. Mohamady Contact: cnul@cl.cu.edu.eg © All rights reserved — Cairo National University Library